LIBRARY & INFORMATION CENTRE, KCAET, TAVANUR

ONLINE PUBLIC ACCESS CATALOGUE (OPAC)

Sixteenth Congress on Irrigation and Drainage,Egypt- 1996-Transactions vol-1-H (Record no. 5768)

MARC details
000 -LEADER
fixed length control field 00302cam a2200109ua 4500
082 ## - DEWEY DECIMAL CLASSIFICATION NUMBER
Classification number 333.913
Item number ICI/SI
100 ## - MAIN ENTRY--AUTHOR NAME
Personal name ICID, .
245 00 - TITLE STATEMENT
Title Sixteenth Congress on Irrigation and Drainage,Egypt- 1996-Transactions vol-1-H
260 ## - PUBLICATION, DISTRIBUTION, ETC. (IMPRINT)
Place of publication :
Name of publisher ICID and CIID ,
Year of publication 1996.
300 ## - PHYSICAL DESCRIPTION
Number of Pages 22 ; .
942 ## - ADDED ENTRY ELEMENTS (KOHA)
Koha item type Reference
Holdings
Withdrawn status Lost status Damaged status Collection code Home library Current library Shelving location Date acquired Full call number Accession Number Koha item type
      Reference KAUAET KAUAET Reference 07/04/2012 333.913.ICI/SI 20290 Reference
free website counter